Countries in Squares of a World Map - One Minute Sprint - Statistics

General Stats
  • This quiz has been taken 190 times
  • The average score is 104 of 127
Answers on the Map
Answers color-coded by a green-red scale on the quiz's map according to % correct below.
 
Answer Stats
Box % Correct
Norway | Sweden | Finland | Russia | Estonia | Latvia | Lithuania | Belarus | Ukraine | Poland | Denmark | Germany
100%
Norway | Sweden | Finland | Russia
99%
Russia
99%
Russia | China
99%
Russia | China | Japan
99%
Russia | China | Mongolia
99%
Russia | China | Mongolia | South Korea | North Korea
99%
Russia | Finland | Belarus | Ukraine | Kazakhstan
99%
Russia | Kazakhstan
99%
Russia | Kazakhstan | Kyrgyzstan | Tajikistan | Uzbekistan | Afghanistan | China | Mongolia
99%
Russia | Kazakhstan | Turkmenistan | Tajikistan | Uzbekistan | Iran | Kyrgyzstan | Afghanistan
99%
Russia | Mongolia
99%
Ukraine | Russia | Armenia | Georgia | Azerbaijan | Turkey | Iran | Kazakhstan
99%
United States | Canada
99%
Dominican Republic | United States | Grenada | Trinidad and Tobago | Antigua and Barbuda | St Kitts and Nevis | St Vincent and the Grenadines | Barbados | Venezuela | Netherlands | France | St Lucia | Dominica
98%
United States | Mexico
98%
Colombia | Venezuela | Brazil | Guyana | France | Trinidad and Tobago | Suriname
97%
Costa Rica | Panama | Colombia | Venezuela | Brazil | Peru | Ecuador | Nicaragua
96%
United States
96%
United States | Bahamas
96%
Ecuador | Peru | Brazil | Colombia | Bolivia
95%
Argentina | Uruguay | Brazil
94%
Brazil | Bolivia | Peru
94%
Brazil | Paraguay | Argentina | Chile | Bolivia | Peru
94%
China | Bhutan | Bangladesh | India | Myanmar
94%
India | Bangladesh | Myanmar | Thailand | Laos | China | Vietnam | Cambodia
94%
Tajikistan | Pakistan | Afghanistan | India | China | Nepal | Bangladesh | Bhutan
94%
Australia | Vanuatu | France
93%
Brazil
93%
Chile | Argentina | United Kingdom
93%
Cuba | Bahamas | Dominican Republic | Haiti | Jamaica | Belize | Guatemala | Honduras | El Salvador | Nicaragua | Costa Rica | Colombia | Venezuela | Netherlands | Mexico
93%
Portugal | Spain | France | Andorra | Monaco | United Kingdom | Italy | Switzerland | Liechtenstein | Austria | Germany | Belgium | Netherlands | Luxembourg
93%
Australia | Indonesia | East Timor
92%
Australia | Indonesia | Papua New Guinea
92%
Ireland | United Kingdom | Belgium | Netherlands | Germany | Denmark | Norway
92%
Australia
91%
Canada | Denmark
91%
Malawi | Mozambique | Madagascar | Zimbabwe | Eswatini | South Africa
91%
Iran | Turkmenistan | Afghanistan | Pakistan | Tajikistan | Uzbekistan | Qatar | Saudi Arabia | United Arab Emirates | Oman | India
90%
Canada
89%
China | Taiwan | South Korea | Japan
89%
Libya | Egypt | Sudan | Chad | Nigeria | Niger | Cameroon | Algeria | Central African Republic
89%
Mexico | Guatemala | El Salvador | Belize
89%
Namibia | Angola | Zambia | Zimbabwe | South Africa | Lesotho | Botswana
89%
Spain | Portugal | Morocco | Mauritania | Algeria | Tunisia | Mali | Libya
89%
South Africa
88%
South Africa | Lesotho
88%
Sudan | South Sudan | Democratic Republic of the Congo | Republic of the Congo | Rwanda | Uganda | Central African Republic | Chad | Cameroon | Nigeria | Gabon | Equatorial Guinea | Burundi | Tanzania
88%
China | Taiwan | Philippines
87%
Sudan | South Sudan | Ethiopia | Kenya | Uganda | Tanzania | Somalia | Democratic Republic of the Congo
87%
Saudi Arabia | United Arab Emirates | Oman | Yemen | India | Pakistan
86%
Algeria | Mali | Mauritania | Guinea | Burkina Faso | Ghana | Togo | Benin | Nigeria | Niger
84%
India | Sri Lanka | Maldives
84%
Mexico
84%
Republic of the Congo | Democratic Republic of the Congo | Burundi | Rwanda | Tanzania | Angola | Zambia | Zimbabwe | Mozambique | Gabon
84%
India | Bangladesh
83%
Tunisia | Italy | Malta | Greece | Turkey | Egypt | Libya | Algeria
83%
Peru | Bolivia | Chile | Argentina
81%
Chile | Argentina
80%
Denmark | Iceland
79%
Kenya | Tanzania | Mozambique | Comoros | Madagascar | Malawi | Zambia | France
73%
Turkey | Syria | Cyprus | Egypt | Israel | Lebanon | Jordan | Saudi Arabia | Kuwait | Iraq | Iran | Bahrain | Qatar
73%
Germany | Slovakia | Czech Republic | Poland | Ukraine | Moldova | Romania | Bulgaria | Greece | Turkey | North Macedonia | Italy | Vatican City | San Marino | Slovenia | Austria | Hungary | Croatia | Bosnia and Herzegovina | Albania | Montenegro | Kosovo | Serbia
71%
Egypt | Sudan | South Sudan | Eritrea | Djibouti | Somalia | Ethiopia | Saudi Arabia | Yemen
70%
Iceland | Ireland
69%
Philippines | Brunei | Malaysia | Indonesia
67%
Denmark
66%
Vietnam | Cambodia | Myanmar | Malaysia | Thailand | Singapore | Indonesia
66%
Cape Verde | Morocco | Mauritania | Mali | Senegal | Gambia | Guinea | Guinea-Bissau
65%
Guinea | Liberia | Ivory Coast | Mali | Burkina Faso | Ghana | Togo | Benin | Nigeria | Cameroon | Gabon | São Tomé and Príncipe | Equatorial Guinea
65%
Morocco | Mauritania | Spain
65%
Palau | Federated States of Micronesia | Indonesia
65%
Indonesia
61%
Kiribati | Tuvalu | Samoa | Fiji
61%
Federated States of Micronesia | Nauru | Marshall Islands | Kiribati
57%
Kiribati | Marshall Islands
51%
Kiribati
49%
Portugal
49%
Japan
48%
Mauritius | France
44%
Ecuador
41%
New Zealand
40%
Fiji | Tonga
34%
Guinea | Sierra Leone | Liberia
34%
Seychelles
30%
Somalia
29%
Papua New Guinea | Solomon Islands | Vanuatu
28%
Gabon
19%
Marshall Islands
17%
No matching quizzes found
Score Distribution
Percent of People with Each Score
Percentile by Number Answered
Your Score History
You have not taken this quiz